Para comunicarnos : lengua y literatura 3 /
Guardado en:
| Autor Principal: | |
|---|---|
| Otros Autores: | |
| Formato: | Libro |
| Publicado: |
Buenos Aires :
Del Eclipse,
1993
|
| Materias: | |
| Etiquetas: |
Agregar Etiqueta
Sin Etiquetas, Sea el primero en etiquetar este registro!
|
| LEADER | 01057nam a22002655a 4500 | ||
|---|---|---|---|
| 001 | CEM.cems008987 | ||
| 008 | 130507s1993##################000#0#####d | ||
| 005 | 20210928190352.0 | ||
| 003 | CEMS | ||
| 245 | 1 | 0 | |a Para comunicarnos : |b lengua y literatura 3 / |c Marta Lescano , Silvina Lombardo |
| 260 | |a Buenos Aires : |b Del Eclipse, |c 1993 | ||
| 300 | |a 232 p. | ||
| 500 | |a Para 3ºaño Polimodal | ||
| 505 | 0 | |a La comunicación -- La divulgación científica. Cohesión y coherencia -- La narración -- La argumentación -- Otros textos argumentativos -- La crónica -- La conversación -- Taller de lectura -- Taller de escritura -- Apéndice de gramática -- Vocabulario técnico | |
| 020 | |a 9879011023 | ||
| 100 | 1 | |a Lescano, Marta | |
| 700 | 1 | |a Lombardo, Silvina | |
| 082 | 0 | 4 | |a 468 |
| 653 | |a Lengua | ||
| 653 | |a Literatura | ||
| 653 | |a Lengua-polimodal | ||
| 653 | |a Textos | ||
| 653 | |a Gramática | ||
| 859 | |a CEMS |b BIB. CEMS - Agricultura |h 468 |i L563 |p A18494.95 |t Ej.1 |v 3 |3 3 | ||
| 859 | |a CEMS |b BIB. CEMS - 11 de abril |h 468 |i L563 |p 18627.95 |t Ej.1 |v 3º |3 3º | ||
